Zmeny v paušálnej dani aj v roku 2002

Zmeny paušálnej dani od r. 2000 až po pripravovanú zmenu, platnú od r. 2002. Príklad daňovníka uplatňovaného paušálnu daň v r. 2001. Daňové priznanie pre činnosti, ktoré nespadajú do paušálnej dane.

Salvato in:
Dettagli Bibliografici
Autore principale: Faiglová, Svetlana
Natura: Capitolo di libro
Lingua:slovacco
Soggetti:
Tags: Aggiungi Tag
Nessun Tag, puoi essere il primo ad aggiungerne!!

MARC

LEADER 00000naa a2200000 4500
001 r043318
005 20230801095615.2
041 0 |a slo 
044 |a SK 
245 1 0 |a Zmeny v paušálnej dani aj v roku 2002  |c Svetlana Faiglová 
520 |a Zmeny paušálnej dani od r. 2000 až po pripravovanú zmenu, platnú od r. 2002. Príklad daňovníka uplatňovaného paušálnu daň v r. 2001. Daňové priznanie pre činnosti, ktoré nespadajú do paušálnej dane. 
610 2 0 |a dane paušálne 
610 2 0 |a novelizácia 
610 2 0 |a úpravy právne 
610 2 0 |a Slovensko 
100 1 |a Faiglová, Svetlana